Faculty of Law Library — Cairo University

Official Online Catalog

زوائد المبيع الدائرة بين البائع والمشتري : (Record no. 67798)

MARC details
000 -LEADER
fixed length control field 01469nam a2200337 i 4500
003 - CONTROL NUMBER IDENTIFIER
control field EG-GICUC
005 - DATE AND TIME OF LATEST TRANSACTION
control field 20260331144213.0
008 - FIXED-LENGTH DATA ELEMENTS--GENERAL INFORMATION
fixed length control field 260331s2015 ua ||||fr|||| 000 0 ara d
040 ## - CATALOGING SOURCE
Original cataloging agency EG-GICUC
Language of cataloging ara
Transcribing agency EG-GICUC
Modifying agency EG-GICUC
Description conventions rda
041 0# - LANGUAGE CODE
Language code of text/sound track or separate title ara
082 04 - DEWEY DECIMAL CLASSIFICATION NUMBER
Edition number 21
Classification number 253.26
Item number ع ب . ز
092 04 - LOCALLY ASSIGNED DEWEY CALL NUMBER (OCLC)
Edition number 21
099 ## - LOCAL FREE-TEXT CALL NUMBER (OCLC)
Classification number Law1 01 253.26 ع ب . ز 2015
100 0# - MAIN ENTRY--PERSONAL NAME
Personal name عبدالله محمد حلمي عيسى.
Relator term مؤلف.
245 10 - TITLE STATEMENT
Title زوائد المبيع الدائرة بين البائع والمشتري :
Remainder of title دراسة فقهية مقارنة /
Statement of responsibility, etc. عبدالله محمد حلمي عيسى.
264 1# - PRODUCTION, PUBLICATION, DISTRIBUTION, MANUFACTURE, AND COPYRIGHT NOTICE
Place of production, publication, distribution, manufacture بنها :
Name of producer, publisher, distributor, manufacturer جامعة بنها،
Date of production, publication, distribution, manufacture, or copyright notice 2015.
300 ## - PHYSICAL DESCRIPTION
Extent 53 صفحة ؛
Dimensions 24 سم.
336 ## - CONTENT TYPE
Source rda content
Content type term text
337 ## - MEDIA TYPE
Source rda media
Media type term Computer
338 ## - CARRIER TYPE
Source rda carrier
Carrier type term Online Resource
500 ## - GENERAL NOTE
General note مستلة من مجلة الفكر القانوني والاقتصادي - مجلة نصف سنوية محكمة تصدرها كلية الحقوق - جامعة بنها <br/>السنة الخامسة - العدد الثالث عشر - 2015
504 ## - BIBLIOGRAPHY, ETC. NOTE
Bibliography, etc. note ببليوجرافيا: صفحات.45 - 53
504 ## - BIBLIOGRAPHY, ETC. NOTE
Bibliography, etc. note يشتمل على إرجاعات ببليوجرافية.<br/><br/>
546 ## - LANGUAGE NOTE
Language note النص باللغة العربية
650 1# - SUBJECT ADDED ENTRY--TOPICAL TERM
Topical term or geographic name entry element المعاملات
Source of heading or term qrmak
650 1# - SUBJECT ADDED ENTRY--TOPICAL TERM
Topical term or geographic name entry element انواع أخري
651 1# - SUBJECT ADDED ENTRY--GEOGRAPHIC NAME
Source of heading or term qrmak
856 40 - ELECTRONIC LOCATION AND ACCESS
Uniform Resource Identifier <a href="https://fll.law.cu.edu.eg/fulltext/bks/B01-06439.pdf">https://fll.law.cu.edu.eg/fulltext/bks/B01-06439.pdf</a>
905 ## - Cataloger and Reviser Names
Cataloger Name: Omar
942 ## - ADDED ENTRY ELEMENTS (KOHA)
Source of classification or shelving scheme Dewey Decimal Classification
Suppress in OPAC No
Koha item type Books
Edition 21
Holdings
Withdrawn status Lost status Source of classification or shelving scheme Damaged status Not for loan Collection Home library Current library Date acquired Total checkouts Full call number Barcode Date last seen Copy number Price effective from Koha item type
    Dewey Decimal Classification   Not for loan الشريعة الإسلامية جــــامعة القــاهرة مكتبة كلية الحقوق - المبنى الرئيسي 31.03.2026   Law1 01 253.26 ع ب . ز 2015 0106439 C1 B01-06439 31.03.2026 1 31.03.2026 Books
    Dewey Decimal Classification       جــــامعة القــاهرة مكتبة كلية الحقوق - المبنى الرئيسي 31.03.2026   Law1 01 253.26 ع ب . ز 2015 0106440 C2 B01-06440 31.03.2026 2 31.03.2026 Books
    Dewey Decimal Classification     الشريعة الإسلامية جــــامعة القــاهرة مكتبة كلية الحقوق - المبنى الرئيسي 01.04.2026   Law2 01 253.26 ع ب . ز 2015 0106446 C3 B01-06446 01.04.2026 3 01.04.2026 Books

© All rights reserved — Faculty of Law, Cairo University